| 000 | 01010nac a22002777a 4500 | ||
|---|---|---|---|
| 001 | BR7324062 | ||
| 003 | BR-BrBNA | ||
| 005 | 20240105113712.0 | ||
| 008 | 230509b bl.|||m| |||| 00| 0 por d | ||
| 040 |
_aBR-BrBNA _bpor _cBiblioteca Nacional de Agricultura |
||
| 072 | _aE70 | ||
| 090 | _a9600 BR7324062 | ||
| 100 | 1 | _aBrourwers, P.J.A. | |
| 110 | 1 | _aUniversidade Federal do Rio Grande do Sul, Porto Alegre (Brasil). Centro de Estudos e pesquisas Economicas | |
| 245 | 1 | _aEstudo descritivo e analise do mercado de ovos de Porto Alegre, 1965/67 [Brasil] | |
| 260 | 3 |
_aPorto Alegre, RS (Brasil): _c1972. |
|
| 300 | _a213 p. | ||
| 490 |
_aTese de Conclusao dos Cursos de Pos-Graduacao em Economia Rural e Sociologia Rural (Brazil) _vno. 21 _x |
||
| 500 | _a17 ref.; Summary (Pt) | ||
| 502 | _aTese (Pos-graduacao em Economia Rural e Sociologia Rural) | ||
| 650 | _aOvo | ||
| 650 | _aMercado | ||
| 650 | _aPorto Alegre | ||
| 909 |
_a202312 _bLúcia Elande _c55 _dLúcia Elande |
||
| 942 |
_2AGRIS _n0 _cMS |
||
| 999 |
_c265056 _d265056 |
||